000
00304nam a2200145Ia 4500
100
_a
Parkin/N & Flood/C.R
490
_v
I
942
_c
BK
654
_a
Welding
245
_a
Welding Craft Practice
260
_b
Pergamon press
_a
Oxford
_c
1969
082
_a
671.5
300
_a
159
546
_a
ENGLISH
999
_c
27036
_d
27036